000 00513nam a2200193Ia 4500
005 20250326143247.0
008 250326s9999 xx 000 0 und d
020 _a0-471-21416-7
037 _aTextbook
040 _aFMSL
_beng
_cFMSL
041 _aeng
_2eng
084 _aX:8Dy7 P2
_qFMSL
100 _aStone A
_9747724
245 0 _aKing of capital
_cStone A; Brewster M
260 _aNY
_bNY, John & Wiley
_c2002
300 _axiv,306
942 _cTB
_hX:8Dy7 P2
999 _c1298816
_d1298816